000 00570nam a2200217Ia 4500
003 OSt
005 20220924153555.0
006 a|||||r|||| 00| 0
007 ta
008 220923b |||||||| |||| 00| 0 mar d
024 _a350807
037 _cTextual
040 _aARTS
_cARTS
_bmar
041 _2mar
_amar
082 _aO155, M7
100 _aKulkarni Shridhar Rangnath Au.
_9229263
245 0 _aTelaganateel are maratha samaj
260 _c1987
942 _hO155, M7
_cTEXL
_2CC
999 _c474104
_d474104